| 000 | 01535nas a2200277Ia 4500 | ||
|---|---|---|---|
| 001 | R268-R7047 | ||
| 003 | IT-CnALBA | ||
| 008 | 170116c99999999xx |||||||||||| ||und|| | ||
| 040 |
_aIT-CnALBA _cIT-CnALBA |
||
| 041 | _aITALIANO | ||
| 100 | _aPACUCCI MARIANNA | ||
| 210 | _aCATECHESI | ||
| 222 | _aCATECHESI | ||
| 245 | 0 | _aCATECHESI. DOSSIER... ORIENTAMENTI... INSEGNAMENTI... OTTOBRE 1983. | |
| 250 | _a1a ed. | ||
| 260 |
_aTORINO _bELLE DI CI - LEUMANN _c1983 [1° Ed.:1983 - Ed.Ling.Originale: 1983] |
||
| 300 | _a80 p. | ||
| 310 | _aQUINDICINALE | ||
| 362 | _aFascicolo: 13 / Anno: 52 (1983) | ||
| 500 | _aPREPARAZIONE AL MATRIMONIO. PROPOSTA UFFICIO DIOCESANO BARI. ORIENTAMENTI E SUSSIDI PER LA CATECHESI. CIONCHI G. BONORA A. BRAMBILLA A. AUDIOVISIVI NELL'INSEGNAMENTO DELLA RELIGIONE E GRUPPI GIOVANILI. FRUMENTO G. LA CONFESSIONE DEI FANCIULLI. INSEGNAMENTO DELLA RELIGIONE NELLE PRIMARIE. BISSOLI C. BRODOLONI P. G. MAZZARELLO L. M. LEVER F. VIVA LA VITA. | ||
| 501 | _aSocietà San Paolo EM - Piazza San Paolo, 14 - 12051 ALBA (CN) (non commercial uses only) ® Copyright 2017 | ||
| 520 | _aPREPARAZIONE AL MATRIMONIO. PROPOSTA UFFICIO DIOCESANO BARI. ORIENTAMENTI E SUSSIDI PER LA CATECHESI. CIONCHI G. BONORA A. BRAMBILLA A. AUDIOVISIVI NELL'INSEGNAMENTO DELLA RELIGIONE E GRUPPI GIOVANILI. FRUMENTO G. LA CONFESSIONE DEI FANCIULLI. INSEGNAMENTO DELLA RELIGIONE NELLE PRIMARIE. BISSOLI C. BRODOLONI P. G. MAZZARELLO L. M. LEVER F. VIVA LA VITA. | ||
| 650 | _aCATECHESI | ||
| 942 | _cCR | ||
| 957 | _71 | ||
| 999 |
_a58613 _bNO _g1 _c325640 _d325640 |
||